000 00460cam a2200193ua 4500
001 8028
008 150105n ii |||gr||||Z||||||hin
040 _cMAIN
041 _ahin
082 _a891.433
100 _aPrasad, J.,
_eAuthor.
245 1 _aAkash-deep
_cBy Joysankar Prasad
250 _a1st.
260 _aVaranasi:
_bPrasad,
_c1929.
300 _a138p.
653 _aEast Indo-European & Celtic literatures
653 _aHindi novels
942 _cBK
999 _c7145
_d7145